| 000 | 00000nam##2200000za#4500 |
| 001 | 9.635623 |
| 003 | CaOODSP |
| 005 | 20210624220338 |
| 007 | cr ||||||||||| |
| 008 | 150407|2008||||xxc|||||o f|0| 0 fre|d |
| 040 | |aCaOODSP|bfre |
| 043 | |an-cn--- |
| 086 | 1 |aF2-186/2008F-PDF |
| 110 | 1 |aCanada. |bMinistère des finances. |
| 245 | 10|aCadre de gestion du risque de trésorerie du gouvernement du Canada |h[ressource électronique] |
| 260 | |aOttawa - Ontario : |bFinances Canada |cMise à jour en janvier 2008. |
| 300 | |a44p.|bfigures, tableaux |
| 590 | |a08-30|b2008-07-25 |
| 691 | 07|aPolitique fiscale|2gcpds |
| 691 | 07|aGestion des risques|2gcpds |
| 775 | 08|tTreasury risk management framework for the government of Canada |w(CaOODSP)9.691291 |
| 856 | 40|ahttp://publications.gc.ca|qPDF|s305 Ko|uhttps://publications.gc.ca/collections/collection_2008/fin/F2-186-2008F.pdf |